Tanec v Mezopotámii /

Hlavní autor: Matoušová-Rajmová, Marie, 1918-
Korporativní autor: Akademie múzických umění v Praze. Katedra tance
Jazyk: Čeština
Vydáno: Praha : Nakladatelství AMU, c2002
Témata:
Fyzický popis: 164 s. : il. ; 21 cm
Knihy
Uloženo v:
LEADER 01348nam a2200385 a 4500
001 000682841
003 CZ BrMZK
005 20100901161244.0
007 ta
008 030820s2002 xr a f 000 0 cze d
015 |a cnb001199149 
020 |a 80-7331-912-8  |q (brož.) 
035 |a (OCoLC)53264510 
040 |a ABA001  |b cze  |d BOA001 
041 0 |a cze  |b eng 
043 |a a-iq--- 
072 7 |a 793.3  |x Pohybové umění. Tanec  |2 Konspekt  |9 3 
080 |a 793.3  |2 MRF 
080 |a (358)  |2 MRF 
080 |a (048.8)  |2 MRF 
080 |a (093)  |2 MRF 
100 1 |a Matoušová-Rajmová, Marie,  |d 1918-  |7 ola2002146321  |4 aut 
245 1 0 |a Tanec v Mezopotámii /  |c Marie Matoušová-Rajmová 
260 |a Praha :  |b Nakladatelství AMU,  |c c2002 
300 |a 164 s. :  |b il. ;  |c 21 cm 
500 |a Anglické resumé 
500 |a Vydavatel: Akademie múzických umění v Praze, Hudební fakulta, Katedra tance 
504 |a Obsahuje bibliografii, bibliografické odkazy a rejstřík 
650 0 7 |a tanec  |7 ph126430  |z Mezopotámie  |2 czenas 
655 7 |a prameny  |7 fd131865  |2 czenas 
655 7 |a studie  |7 fd133597  |2 czenas 
710 2 |a Akademie múzických umění v Praze.  |b Katedra tance  |7 ko2002102811 
910 |a BOA001  |b 2-1122.751 
990 |a BK 
996 6 |b 2610196906  |c 2-1122.751  |l MZK  |r Sklad / do 1 hodiny  |n 1  |p p.v.  |w 000682841  |u 000010  |a 1  |e BOA001  |j MZK50  |s P